Guess the Laufey Song - #1 - Statistics

General Stats
  • This quiz has been taken 7 times
  • The average score is 78 of 170
Answer Stats
Answer % Correct
a
83%
A
83%
do
83%
I
83%
love
83%
to
83%
you
83%
can't
67%
don't
67%
Don't
67%
the
67%
The
67%
for
50%
For
50%
it
50%
know
50%
look
50%
real
50%
think
50%
time
50%
what
50%
will
50%
acting
33%
air
33%
all
33%
and
33%
At
33%
away
33%
been
33%
blinding
33%
bliss
33%
book
33%
cheeks
33%
crazy
33%
depends
33%
dream
33%
Drunk
33%
enchantment
33%
ends
33%
feels
33%
haze
33%
hours
33%
how
33%
hundredth
33%
in
33%
In
33%
I've
33%
jazz
33%
just
33%
kind
33%
late,
33%
lately
33%
Lately,
33%
least
33%
life
33%
Losing
33%
melt
33%
mind
33%
my
33%
night
33%
of
33%
on
33%
Read
33%
room
33%
Running
33%
Singing
33%
sit
33%
smaller,
33%
sound
33%
straight
33%
stupid,
33%
Talking
33%
taller
33%
That's
33%
There's
33%
trees
33%
walk
33%
Watch
33%
where
33%
world
33%
Absentminded,
17%
Basking
17%
day
17%
favorite
17%
flushed-out
17%
goodnight
17%
kiss
17%
moon
17%
wine
17%
yet
17%
No matching quizzes found
Score Distribution
Percent of People with Each Score
Percentile by Number Answered
Your Score History
You have not taken this quiz